000
00299nam a2200121Ia 4500
008
190722s9999 xx 000 0 und d
020
_a
978-81-315-1906-6
100
_a
Effy Oz
245
0
_a
Management Information Systems
260
_a
New Delhi
_b
Cengage Learning
_c
2009
300
_a
564
942
_c
BK
999
_c
153
_d
153